000 00475pab a2200181 454500
008 180718b2005 xxu||||| |||| 00| 0 eng d
100 _aTekhre, Y.L.
245 _aSociology of health and illness in India: present status and future strategy
260 _c2005
300 _ap.141-54.
362 _aDec
650 _aHealth services - India
650 _aHealth services
700 _aSingh, S.P.
700 _aNisha Rani
773 _aSocial Change
909 _a69184
999 _c69184
_d69184